Standard method of measurement (Record no. 86791)

MARC details
000 -LEADER
fixed length control field 00556cam a2200205 4500
001 - CONTROL NUMBER
control field D8051
008 - FIXED-LENGTH DATA ELEMENTS--GENERAL INFORMATION
fixed length control field 090401t1973 xxu||||| |||| 00| 0 eng d
035 ## - SYSTEM CONTROL NUMBER
System control number (Sirsi) u10979
041 ## - LANGUAGE CODE
Language code of text/sound track or separate title eng
050 ## - LIBRARY OF CONGRESS CALL NUMBER
Classification number 692.3095363
110 ## - MAIN ENTRY--CORPORATE NAME
Corporate name or jurisdiction name as entry element Qatar Ministry of Public Works
9 (RLIN) 1815
245 ## - TITLE STATEMENT
Title Standard method of measurement
260 ## - PUBLICATION, DISTRIBUTION, ETC.
Place of publication, distribution, etc. Dohar
Name of publisher, distributor, etc. Qatar Ministry of Public Works Engineeri
Date of publication, distribution, etc. 1973
300 ## - PHYSICAL DESCRIPTION
Extent 144p. 30cm
350 ## - PRICE (NR) (BK AM CF MU VM SE) [OBSOLETE]
Price 0
520 ## - SUMMARY, ETC.
Summary, etc. Filed at SMM 1973/4B
710 ## - ADDED ENTRY--CORPORATE NAME
Corporate name or jurisdiction name as entry element Engineering Services Department
9 (RLIN) 1816
942 ## - ADDED ENTRY ELEMENTS (KOHA)
Suppress in OPAC 0
948 ## - LOCAL PROCESSING INFORMATION (OCLC); SERIES PART DESIGNATOR (RLIN)
c (OCLC) 04/03/1997
Holdings
Withdrawn status Lost status Source of classification or shelving scheme Damaged status Not for loan Home library Current library Shelving location Date acquired Total Checkouts Full call number Barcode Date last seen Date last checked out Copy number Price effective from Koha item type
    Other/Generic Classification Scheme     London London Basement 15/01/1992 1 SMM 1973/4 - BASEMENT 30032285 06/08/2019 22/01/2009 1 06/08/2019 Reference material
    Other/Generic Classification Scheme     London London Basement 15/01/1992   SMM 1973/4 - BASEMENT 30032287 06/08/2019   2 06/08/2019 Book